| 000 | 00848nam a2200205Ia 4500 | ||
|---|---|---|---|
| 003 | GCL | ||
| 008 | 140319s9999 xx 000 0 ara d | ||
| 020 | _a4792601977 | ||
| 040 |
_aGCL / _cGCL |
||
| 082 | 0 | 4 |
_aق _b962.141 _bا ا |
| 100 | 1 | _aالسيد محمد احمد عطا | |
| 245 | 1 | 0 |
_aاقليم الغربية فى عصر الايوبيين والمماليك ( 567 - 923 هـ \ 1171 - 1517 م ) / _cالسيد محمد احمد عطا |
| 260 |
_aالقاهرة : _bالهيئة المصرية العامة للكتاب ، _c2002 |
||
| 300 |
_a484 ص ؛ _c22 سم |
||
| 490 |
_aتاريخ المصريين _v218 |
||
| 650 | 0 | 4 | _aمصر - تاريخ - عصر المماليك ( 1250-1517 م ) |
| 650 | 0 | 4 | _aمصر - تاريخ - العصر الايوبى ( 1171-1250 م ) |
| 650 | 0 | 4 | _aالغربية، محافظة |
| 942 |
_2ddc _cBK |
||
| 999 |
_c42425 _d42425 |
||